• 首页
  • 本馆介绍
  • 公告通知
  • 最新文献
  • 馆藏检索
  • 电子资源
  • 读者导购
  • 参考咨询
  • 我的图书馆
  • 登录
  • 详细信息显示
  • 放入我的书架
  • 预约/预借图书
  • 作者相关作品
  • 分类相关作品
  • 丛书相关作品
  • 出版社相关作品

书目信息

  • 表格格式
  • 工作单格式
  • 卡片格式
题名:
大洋余生—“企业号”征战史
    
 
作者: 布隆德 , Blond 著 ;梁贵和 , 姚根林 译
分册:  
出版信息: 北京   新华出版社  1983
页数: 331页
开本: 19cm
丛书名:
单 册:
中图分类: E712.9 , E712.52
科图分类:
主题词: 太平洋战争(1941~1945)--美国--史料 , 军事
电子资源:
ISBN:
000 01060nam0 2200325 45
001 0183003411
005 20040422150856.5
010    @dCNY0.85
091    @a11203.036
100    @a19950728d1983 emky0chiy0121 ea
101 1  @achi@cfre
102    @aCN@b110000
105    @ay z 000yy
106    @ar
200 10 @a大洋余生—“企业号”征战史@Ada yang yu sheng qi ye hao zheng zhan shi@f(法)齐治·布隆德(G.Blond)著@g梁贵和, 姚根林译
210    @a北京@c新华出版社@d1983
215    @a331页@d19cm
300    @a书名原文:Le Survivant du Pacifique I'odyssee de L' "Entreprise"
510 1  @aLe Survivant du Pacifique I'odyssee de L' "Entreprise"@zfre
606    @a太平洋战争(1941~1945)@y美国@x史料
606 0  @a军事
690    @aE712.9@v3
690    @aE712.52
701  1 @a布隆德@Abu long de@bG.@4著
701 A1 @aBlond@bG.@4著
702  0 @a梁贵和@Aliang gui he@4译
702  0 @a姚根林@Ayao gen lin@4译
801  0 @aCN@b上海图书馆@c20040422
801  2 @aCN@bNLC@c20040422
905    @f2@b174321-322@dE712.52@e7@b174324-325@f2@f2@b107989-990
    
    大洋余生—“企业号”征战史/(法)齐治·布隆德(G.Blond)著/梁贵和, 姚根林译.-北京:新华出版社,1983
    331页;19cm
    书名原文:Le Survivant du Pacifique I'odyssee de L' "Entreprise"
    
    ISBN :CNY0.85
    
●
相关链接 在E读中查询图书 在五车中查询图书 在当当中查询图书 在豆瓣中查询图书


正题名:大洋余生—"企业号"征战史     索取号:E712.52/7         预约/预借

序号 登录号 条形码 馆藏地/架位号 状态 备注
1 0107989   000129275   第一借阅区/ [索取号:E712.52/7] 在馆    
2 0107990   001262163   密集书库/ [索取号:E712.52/7] 在馆    
3 0107991   001262190   第一样本阅览室/ [索取号:E712.52/7] 在馆    
4 0174321   001594750   密集书库/ [索取号:E712.52/7] 在馆    
5 0174322   000129284   第一借阅区/ [索取号:E712.52/7] 在馆    
6 0174324   001262181   密集书库/ [索取号:E712.52/7] 在馆    
7 0174325   001262172   第一借阅区/ [索取号:E712.52/7] 在馆    
唐山师范学院图书馆 欢迎您!
大连网信软件有限公司© 版权所有